Temetik az utolsó honvédet [színdarab] /

Elmentve itt :
Bibliográfiai részletek
Szerző: Dolch Erzsébet
Dokumentumtípus: Cikk
Megjelent: 1942
Sorozat:Gyakorlati pedagógia 7 No. 2
Kulcsszavak:Magyar irodalom - dráma
Tárgyszavak:
Online Access:http://acta.bibl.u-szeged.hu/52298
LEADER 00667nab a2200193 i 4500
001 acta52298
005 20250401112911.0
008 180524s1942 hu o 000 hun d
040 |a SZTE Egyetemi Kiadványok Repozitórium  |b hun 
041 |a hun 
100 1 |a Dolch Erzsébet 
245 1 0 |a Temetik az utolsó honvédet   |h [elektronikus dokumentum] :  |b [színdarab] /  |c  Dolch Erzsébet 
260 |c 1942 
300 |a 69-74 
490 0 |a Gyakorlati pedagógia  |v 7 No. 2 
650 4 |a Bölcsészettudományok 
650 4 |a Nyelvek és irodalom 
695 |a Magyar irodalom - dráma 
856 4 0 |u http://acta.bibl.u-szeged.hu/52298/1/gyakorlati_1942_002_069-074.pdf  |z Dokumentum-elérés